Miejscowości gminy Brójce (woj.Łódzkie) - Statystyki

Ogólne statystyki
  • Ten quiz został rozwiązany 15 razy
  • Średni wynik to 15 z 18
Statystyki odpowiedzi
Historyczne położenie Miejscowości % Poprawnych
Ziemia Sieradzka Brójce
100%
Ziemia Łęczycka Bukowiec
100%
Ziemia Łęczycka Karpin
100%
Ziemia Łęczycka Kotliny
100%
Ziemia Łęczycka Kurowice
100%
Ziemia Łęczycka Wygoda
100%
Ziemia Łęczycka Kurowice Kościelne
88%
Ziemia Łęczycka Leśne Odpadki
88%
Ziemia Sieradzka Pałczew
88%
Ziemia Sieradzka Wardzyn
88%
Ziemia Sieradzka Wola Rakowa
88%
Ziemia Sieradzka i Łęczycka Giemzów
75%
Ziemia Sieradzka Giemzówek
75%
Ziemia Łęczycka Stefanów
75%
Ziemia Łęczycka Posada
50%
Ziemia Sieradzka Przypusta
50%
Ziemia Łęczycka Wandalin
50%
Ziemia Łęczycka Budy Wandalińskie
38%
Nie znaleziono quizów pasujących do podanych kryteriów
Rozkład punktacji
Procent ludzi z każdym wynikiem
Percentyl według liczby udzielonych odpowiedzi
Twoja historia wyników
Nie rozwiązałeś tego quizu